Managerial economics: (Record no. 27406)

MARC details
000 -LEADER
fixed length control field 00877naa a2200241 4500
005 - DATE AND TIME OF LATEST TRANSACTION
control field 2009061301211.0
008 - FIXED-LENGTH DATA ELEMENTS--GENERAL INFORMATION
fixed length control field 080925t xxu||||| |||| 00| 0 eng d
010 ## - LCCN (DPL NO)
LC control number ENG-93965
020 ## - INTERNATIONAL STANDARD BOOK NUMBER
International Standard Book Number 9788180546631
Terms of availability 365.00
035 ## - SYSTEM CONTROL NUMBER
System control number EN-77498
037 ## - SOURCE OF ACQUISITION
Source of stock number/acquisition DBAD / PUB
040 ## - CATALOGING SOURCE
Original cataloging agency dpl
Language of cataloging English
082 ## - DEWEY DECIMAL CLASSIFICATION NUMBER
Classification number 338.5024658
100 ## - MAIN ENTRY--PERSONAL NAME
Personal name Mehta, P.L.
245 ## - TITLE STATEMENT
Title Managerial economics:
Statement of responsibility, etc by P.L. Mehta
Remainder of title analysis, problems and cases /
250 ## - EDITION STATEMENT
Edition statement 15th ed.
260 ## - PUBLICATION, DISTRIBUTION, ETC. (IMPRINT)
Place of publication, distribution, etc New Delhi
Name of publisher, distributor, etc Sultan Chand & Sons
Date of publication, distribution, etc 2009
270 ## - ADDRESS
Address 23, Darya Ganj,
City New Delhi
Postal code 110 002
300 ## - PHYSICAL DESCRIPTION
Extent xx, 837p.
Dimensions 24cm(pbk )
650 ## - SUBJECT ADDED ENTRY--TOPICAL TERM
Topical term or geographic name as entry element Managerial Economics
942 ## - ADDED ENTRY ELEMENTS (KOHA)
Institution code [OBSOLETE] dpl
Item type English Books
Source of classification or shelving scheme Dewey Decimal Classification
Classification part 338.5024658
Call number suffix MEH
Holdings
Withdrawn status Lost status Source of classification or shelving scheme Damaged status Not for loan Collection code Home library Current library Date acquired Source of acquisition Cost, normal purchase price Total Checkouts Full call number Barcode Date last seen Copy number Cost, replacement price Koha item type
    Dewey Decimal Classification   Not For Loan Non-fiction D.B.Act.Division D.B.Act.Division 13/06/2009 DBAD / PUB 365.00   338.5024658 MEH EN-77498 13/06/2009 1 365.00 English Books

© Delhi Public Library
Hit Counter
free hit counter